LIBRARY & INFORMATION CENTRE, KCAET, TAVANUR

ONLINE PUBLIC ACCESS CATALOGUE (OPAC)

Janitaka Tatwangal / (Record no. 6009)

MARC details
000 -LEADER
fixed length control field 00532cam a2200205ua 4500
041 ## - LANGUAGE CODE
Language code of text/sound track or separate title mal
082 ## - DEWEY DECIMAL CLASSIFICATION NUMBER
Classification number 575.1
Item number SIN/JA
100 ## - MAIN ENTRY--AUTHOR NAME
Personal name Sinnot, Edmund W .
245 ## - TITLE STATEMENT
Title Janitaka Tatwangal /
260 ## - PUBLICATION, DISTRIBUTION, ETC. (IMPRINT)
Place of publication Thiruvananthapuram :
Name of publisher State Instititute of Languages ,
Year of publication 1976.
300 ## - PHYSICAL DESCRIPTION
Number of Pages 521 ; .
700 1# - ADDED ENTRY--PERSONAL NAME
Personal name Dobzhansky, Theodosias .
700 1# - ADDED ENTRY--PERSONAL NAME
Personal name Dunn, L C .
942 ## - ADDED ENTRY ELEMENTS (KOHA)
Koha item type Books
Holdings
Withdrawn status Lost status Damaged status Home library Current library Date acquired Full call number Accession Number Koha item type
      KAUAET KAUAET 07/04/2012 575.1 13935 Books
      KAUAET KAUAET 07/04/2012 575.1 13936 Books
free website counter